The Christmas donkey / (Record no. 368500)
[ view plain ]
| 000 -LEADER | |
|---|---|
| fixed length control field | 00954nam a22002177a 4500 |
| 003 - CONTROL NUMBER IDENTIFIER | |
| control field | 0 |
| 005 - DATE AND TIME OF LATEST TRANSACTION | |
| control field | 20251107144056.0 |
| 008 - FIXED-LENGTH DATA ELEMENTS--GENERAL INFORMATION | |
| fixed length control field | 251107b xxu||||| |||| 00| 0 eng d |
| 020 ## - INTERNATIONAL STANDARD BOOK NUMBER | |
| International Standard Book Number | 979-8870742977 |
| 050 ## - LIBRARY OF CONGRESS CALL NUMBER | |
| Classification number | PZ 7.1 |
| Item number | .B75 Ch 2024 |
| 100 ## - MAIN ENTRY--PERSONAL NAME | |
| Personal name | Brinson, Archer, |
| Relator term | author. |
| 245 ## - TITLE STATEMENT | |
| Title | The Christmas donkey / |
| Statement of responsibility, etc | Archer Brinson. |
| 260 ## - PUBLICATION, DISTRIBUTION, ETC. (IMPRINT) | |
| Place of publication, distribution, etc | United States : |
| Name of publisher, distributor, etc | [publisher not identified], |
| Date of publication, distribution, etc | 2024. |
| 300 ## - PHYSICAL DESCRIPTION | |
| Extent | 1 volume (unpaged) : |
| Other physical details | color illustrations ; |
| Dimensions | 22 cm. |
| 500 ## - GENERAL NOTE | |
| General note | "Made in the USA"—Title page verso.<br/>Picture book. |
| 520 ## - SUMMARY, ETC. | |
| Summary, etc | A gentle Christmas story about a young donkey who learns the meaning of kindness and giving during the holiday season. Through a simple but heartwarming journey, the donkey discovers that even small acts of love can make a big difference. |
| 650 ## - SUBJECT ADDED ENTRY--TOPICAL TERM | |
| Topical term or geographic name as entry element | Donkeys |
| Form subdivision | Juvenile Fiction. |
| 650 ## - SUBJECT ADDED ENTRY--TOPICAL TERM | |
| Topical term or geographic name as entry element | Christmas stories |
| Form subdivision | Juvenile fiction. |
| 650 ## - SUBJECT ADDED ENTRY--TOPICAL TERM | |
| Topical term or geographic name as entry element | Friendship |
| Form subdivision | Juvenile fiction. |
| 942 ## - ADDED ENTRY ELEMENTS (KOHA) | |
| Source of classification or shelving scheme | Library of Congress Classification |
| Koha item type | Books |
| Withdrawn status | Lost status | Source of classification or shelving scheme | Damaged status | Home library | Current library | Shelving location | Date acquired | Source of acquisition | Sub Shelving location | Total Checkouts | Full call number | Barcode | Date last seen | Date checked out | Price effective from | Koha item type |
|---|---|---|---|---|---|---|---|---|---|---|---|---|---|---|---|---|
| Library of Congress Classification | Luxembourg Library | Luxembourg Library | Kids Fiction Section | 11/06/2025 | Library Fund | 1 | PZ 7.1 .B75 Ch 2024 | 21501 | 11/12/2025 | 11/12/2025 | 11/07/2025 | Books | ||||
| Library of Congress Classification | Luxembourg Library | Luxembourg Library | Kids Fiction Section | 11/06/2025 | Library Fund | PZ 7.1 .B75 Ch 2024 | 21502 | 11/07/2025 | 11/07/2025 | Books |